Tanec /

Hlavní autor: Duncan, Isadora, 1877-1927
Jazyk: Čeština
Vydáno: Praha : Družstvo Dílo přátel umění a knihy, 1947
Edice: Terpsichora (Družstvo Dílo přátel umění a knihy)
Témata:
Fyzický popis: 43, [II] s. ; 8°
Knihy
Uloženo v:
LEADER 01213nam a22003012a 4500
001 000655799
003 CZ BrMZK
005 20210309103503.0
007 ta
008 030303s1947 xr f cze d
015 |a cnb000668747 
035 |a (OCoLC)84998257 
040 |a ABA001  |b cze  |c OLA001  |d ABA001  |d BOA001 
041 1 |a cze  |h fre 
100 1 |a Duncan, Isadora,  |d 1877-1927  |7 jn20000700451  |4 aut 
245 1 0 |a Tanec /  |c Isadora Duncanová ; [z francouzštiny přeložil a doslov napsal Jan Rey] 
260 |a Praha :  |b Družstvo Dílo přátel umění a knihy,  |c 1947 
300 |a 43, [II] s. ;  |c 8° 
490 1 |a Terpsichora ;  |v sv. 14 
500 |a Se čtyřmi kresbami Karla Svolinského 
830 0 |a Terpsichora (Družstvo Dílo přátel umění a knihy)  |0 s 
910 |a BOA001  |b 1-0144.036,14  |b PK-I-0029.735 
920 |a 000123611 
964 |a Tanec - úvahy 
990 |a BK 
996 7 |b 2610879905  |c 1-0144.036,14  |l MZK  |r Sklad / do 1 hodiny  |n 2  |p dar  |w 000655799  |u 000040  |a 1  |e BOA001  |j MZK50  |s A 
996 6 |b 2619503511  |c 1-0144.036,14  |l MZK  |r Sklad / do 1 hodiny  |n 16  |w 000655799  |u 000020  |a 1  |e BOA001  |j MZK50  |s P 
996 7 |b 3119956657  |c PK-I-0029.735  |l MZK  |r Sklad / do 1 hodiny  |n 16  |w 000655799  |u 000030  |a 1  |e BOA001  |j MZK50  |s A